00610nam a2200157 a 450000500170000000800410001705000190005810000140007724500350009126000370012630000130016344000210017650000300019752002130022765000120044020140414093832.0020927s19uu xx 00 eng d aVHS 900bOR 17 aTime Life aGreeceba moment of excellence aSingaporebTime Life Asiacc1995 a48 mins. aTime Life's Asia anarrated by Sam Waterston aFive hundred years before the Birth of Christ, small city -states in Greece rose from obscurity to ignite one of teh most spectacular explosions of cultural achievement in the history of western civilization. aHistory